S-Bahnstationen in Berlin - Sudden Death - Statistiken

Allgemein
  • Dieses Quiz wurde 837 mal gespielt
  • Das Durchschnittsergebnis liegt bei 7 aus 18
Answers on the Grid
Answers color-coded by a green-red scale on the quiz's grid according to % correct below.
Schichauweg
Wartenberg
Rahnsdorf
Strausberg Nord
Hegermühle
Westend
Oranienburg
Bornholmer Straße
Pankow
Mühlenbeck-Mönchmühle
Savignyplatz
Jannowitzbrücke
Alexanderplatz
Sundgauer Straße
Stresow
Spandau
Adlershof
Spindlersfeld
Südstern
Hansaplatz
Osloer Straße
Paulsternstraße
Schlesisches Tor
Krumme Lanke
Elstal
Sternschanze
Rudow
Senefelder Platz
Nollendorfplatz
Friedrichshain Nord
 
Antwortstatistiken
Antwort % Korrekt
Alexanderplatz
65%
Spandau
64%
Pankow
59%
Jannowitzbrücke
53%
Oranienburg
52%
Adlershof
48%
Westend
48%
Strausberg Nord
44%
Savignyplatz
43%
Bornholmer Straße
42%
Spindlersfeld
37%
Wartenberg
36%
Rahnsdorf
31%
Stresow
30%
Sundgauer Straße
28%
Mühlenbeck-Mönchmühle
24%
Schichauweg
24%
Hegermühle
21%
Keine übereinstimmenden Quizze gefunden
Verteilung der Resultate
Anzahl Personen mit jedem Resultat
Perzentil nach korrekt beantworteten Fragen
Ihre Resultats-Entwicklung
Sie haben dieses Quiz noch nicht gespielt